| 000 | 00783nam a22002537a 4500 | ||
|---|---|---|---|
| 005 | 20161116125028.0 | ||
| 008 | 161114s2014 nyu frb 001 0beng d | ||
| 020 | _a9781107619555 | ||
| 040 |
_aEG-ScBUE _beng _cEG-ScBUE _dEG-ScBUE |
||
| 082 | 0 | 4 |
_a321.8 _bDIC _222 |
| 100 | 1 | _aDickson, Del. | |
| 245 | 1 | 0 |
_aThe people's government : _ban introduction to democracy / _cDel Dickson. |
| 260 |
_aNew York : _bCambridge University Press, _c2014. |
||
| 300 |
_axi, 268 p. ; _c24 cm. |
||
| 500 | _aIndex : p. 261-268. | ||
| 500 | _aGlossary: p. 239-254. | ||
| 504 | _aBibliography : p.255-259 | ||
| 590 | _aSuzan Ashmawy ; revised by Fouad. | ||
| 650 | 7 |
_aDemocracy. _2BUEsh |
|
| 650 | 7 |
_aLiberty. _2BUEsh |
|
| 651 | _2BUEsh | ||
| 653 |
_bBUSBOL _cNovember2016 |
||
| 942 | _2ddc | ||
| 999 |
_c23109 _d23081 |
||